Factors affecting farm size on the European level and the national level of the Czech Republic
Faktory ovplyvňujúce veľkosť poľnohospodárskeho majetku. Scelovanie pôdy. Obhospodarovanie pôdy. Rozvoj českého vidieka.
Enregistré dans:
| Auteur principal: | |
|---|---|
| Format: | Chapitre de livre |
| Langue: | anglais |
| Sujets: | |
| Tags: |
Pas de tags, Soyez le premier à ajouter un tag!
|
MARC
| LEADER | 00000naa a2200000 4500 | ||
|---|---|---|---|
| 001 | 0228725 | ||
| 005 | 20220805075039.1 | ||
| 041 | 0 | |a eng | |
| 044 | |a CZ | ||
| 245 | 1 | 0 | |a Factors affecting farm size on the European level and the national level of the Czech Republic |c Vratislava Janovská ... [et al] |
| 520 | |a Faktory ovplyvňujúce veľkosť poľnohospodárskeho majetku. Scelovanie pôdy. Obhospodarovanie pôdy. Rozvoj českého vidieka. | ||
| 610 | 2 | 0 | |a podnik poľnohospodársky |
| 610 | 2 | 0 | |a pôda poľnohospodárska |
| 610 | 2 | 0 | |a vlastníctvo pozemkové |
| 610 | 2 | 0 | |a Česko |
| 100 | 1 | |a Janovská, Vratislava | |